Word Ladder: Paint by Rung Quiz Stats

 Plays Quiz Updated Aug 28, 2014

Support Sporcle.
Go Orange.
Score 0/29 Timer 03:00
0 Plays Today
Hint 4-Letter Word % Correct
Severe dislikeHATE
92.1%
Shopping centreMALL
92%
Items worn on headsHATS
91%
Artist of 'The Starry Night' (1889), with vanVincent van GOGH
89.9%
Person who wears blackGOTH
89.7%
Post cocoon caterpillarMOTH
88.1%
Entrance roomHALL
88.1%
Like boys and menMALE
85.7%
Opposite of hardSOFT
84.4%
Winged animalBIRD
84.4%
West African countryMALI
84.1%
FriendMATE
80.9%
PoetBARD
80.6%
Artist of 'Laughing Cavalier' (1624)Frans HALS
79.4%
Homer's oldestBART
79.1%
Hint 4-Letter Word % Correct
Alphabetise, e.g.SORT
77.4%
SpeckMOTE
75.7%
Sharp or acidic to tasteTART
73.3%
Artist of 'The Persistence of Memory' (1931)Salvador DALÍ
72.5%
ValleyDALE
71.4%
A wrongful act that can be a basis of a suitTORT
69.2%
Relative of a setteeSOFA
64.6%
Cartoon: Bucky O'____HARE
59.8%
Muddy bogMIRE
54.4%
Vegan milkSOYA
53.4%
Opposite of 'Fire'HIRE
51.2%
Artist of 'The Third of May 1808' (1814)Francisco GOYA
42.3%
Ballpoint penBIRO
38.3%
Artist of 'The Tilled Field' (1924)Joan MIRÓ
32.6%

Today's Daily Dose

You're not logged in!

Compare scores with friends on all Sporcle quizzes.
OR
Log In

From the Vault

World Languages by Any 3 Letters

by SomeChaz

This is like high school Spanish class: you don't have to know all of the language, just enough to get by.
Remove Ads.
Support Sporcle.
Get the best of Sporcle when you Go Orange. This ad-free experience offers more features, more stats, and more fun while also helping to support Sporcle. Thank you for becoming a member.

Show Comments

Extras

Top Quizzes Today


Score Distribution

Your Account Isn't Verified!

In order to create a playlist on Sporcle, you need to verify the email address you used during registration. Go to your Sporcle Settings to finish the process.

Report this User

Report this user for behavior that violates our Community Guidelines.

Details: